000 00514nam a2200181Ia 4500
005 20250508153106.0
008 008 250505s9999 xx 000 0 eng d
037 _aTextual
040 _aFEDL
_beng
_cFEDL
041 _aeng
_2eng
084 _a321.67, BOR
_qFEDL
100 _aBorer Mary Cathcart
245 0 _aCitizenship : Its rights and responsibilities
260 _aLondon, UK
_bMuseum Press Limited
_c1962
300 _a123p.
942 _cTEXL
_h321.67, BOR
999 _c1340649
_d1340649